El futuro de la capital : (Registro nro. 6078)

Detalles MARC
000 -LEADER
fixed length control field 00999nam a2200241Ia 4500
003 - CONTROL NUMBER IDENTIFIER
control field OSt
005 - DATE AND TIME OF LATEST TRANSACTION
control field 20200827120316.0
008 - FIXED-LENGTH DATA ELEMENTS--GENERAL INFORMATION
fixed length control field 191128s1996 ck ad gr 000 0 spa d
020 ## - INTERNATIONAL STANDARD BOOK NUMBER
International Standard Book Number 958959994X
040 ## - CATALOGING SOURCE
Original cataloging agency Co-JMCR
Transcribing agency Co-JMCR
082 04 - DEWEY DECIMAL CLASSIFICATION NUMBER
Classification number 370.1934 /
Item number C675e
Edition number 23
100 1# - MAIN ENTRY--PERSONAL NAME
Personal name Moncayo Jimenéz, Edgar,
Relator term autor
9 (RLIN) 9346
245 13 - TITLE STATEMENT
Title El futuro de la capital :
Remainder of title estudio prospectivo de educación /
Statement of responsibility, etc. Edgar Moncayo Jimenéz
250 ## - EDITION STATEMENT
Edition statement Primera edición
260 ## - PUBLICATION, DISTRIBUTION, ETC.
Place of publication, distribution, etc. Bogotá :
Name of publisher, distributor, etc. Tercer mundo,
Date of publication, distribution, etc. 1996.
300 ## - PHYSICAL DESCRIPTION
Extent xxiv, 131 páginas :
Other physical details gráficos, mapas a blanco y negro ;
Dimensions 24 cm.
500 ## - GENERAL NOTE
General note Incluye notas a pie de páginas.
504 ## - BIBLIOGRAPHY, ETC. NOTE
Bibliography, etc. note Bibliografía : páginas 129-131.
505 0# - FORMATTED CONTENTS NOTE
Formatted contents note Evolución historica reciente y diagnóstico cuantitativo de la situación actual -- Tendencias de la educación y retos contemporáneos -- Contexto político y programatico para la educación en el distrito
650 24 - SUBJECT ADDED ENTRY--TOPICAL TERM
Topical term or geographic name entry element Educación
9 (RLIN) 9347
650 24 - SUBJECT ADDED ENTRY--TOPICAL TERM
Topical term or geographic name entry element Educación pública
9 (RLIN) 9348
942 ## - ADDED ENTRY ELEMENTS (KOHA)
Source of classification or shelving scheme Dewey Decimal Classification
Koha item type Books
Existencias
Withdrawn status Lost status Source of classification or shelving scheme Materials specified (bound volume or other part) Damaged status Not for loan Home library Current library Shelving location Date acquired Source of acquisition Full call number Barcode Date last seen Copy number Price effective from Koha item type
    Dewey Decimal Classification Donación--15/04/2018--     Biblioteca Pública José María del Castillo y Rada Biblioteca Pública José María del Castillo y Rada General Stacks 11/28/2019 Donación 370.1934 / C675e 430011597 05/16/2024 Ej.1 11/28/2019 Books